000 01219nam a2200349 a 4500
001 000005856
003 DO-SdBPM
005 20250122111824.0
007 000005856
008 090824s2014 dr a 000 0 spa d
020 _a9789945162950
040 _aDO-SdBPM
_bspa
_cBPMSU
082 4 _aRD863.5
_bJ58p 2009
_222
100 1 _aJesús Ulerio, Luis Felipe de,
_d1970-
245 1 0 _aTrilogía infantil :
_b Jade y el pollito amarillo /
_cLuis Felipe De Jesús Ulerio.
260 _aSanto Domingo :
_bEditora Búho,
_c2014
300 _a49 p. :
_bil. ;
_c22 cm.
490 0 _aLos cuentos de Luisito,
_vII
500 _aIncluye datos biográficos del autor en la contracubierta
500 _aIncluye guía de actividades y juegos infantiles
505 _aSegunda trilogía infantil : Los cuentos de Luisito
_tJade y el pollito amarillo
590 _aInventariado, 2025/VM
650 4 _aCuentos infantiles dominicanos
650 4 _a Juegos educativos
650 4 _aJuegos infantiles
650 4 _aLiteratura infantil dominicana
910 _aVMateo V. Control de calidad. BPMSU
942 _2ddc
_cBK
956 _a
_b
_c
_l
_h
956 _a
_b
_c
_l
_h
956 _aVMATEO
_b10
_c20150416
_lBPMSU
_h00151
999 _c7653
_d7653